The Ladykillers /
Professor Marcus rents a London flat, telling his landlady that he and his friends are musicians who will be rehearsing in the flat. In reality, neither the professor nor his friends can play a note. He is a criminal mastermind, holding court over his gang of thieves, including the likes of punkish...
| Corporate Authors: | , , |
|---|---|
| Other Authors: | , , , , , , , , , , |
| Format: | Video Blu-ray Disc |
| Language: | English French Spanish |
| Language Notes: | English, dubbed French and dubbed Spanish dialogue, subtitles in French and Spanish. |
| Published: |
Santa Monica, Calif. :
Lionsgate,
[2010]
|
| Series: | StudioCanal collection.
|
| Subjects: |
MARC
| Tag | First Indicator | Second Indicator | Subfields |
|---|---|---|---|
| LEADER | 00000cgm a2200000Ia 4500 | ||
| 001 | in00002584530 | ||
| 005 | 20151201153008.0 | ||
| 006 | aa g 000 0 | ||
| 007 | vd csaizs | ||
| 008 | 100302p20101955cau092 g vleng d | ||
| 024 | 1 | |a 012236107828 |d 80 | |
| 028 | 4 | 2 | |a 27037 |b Lionsgate |
| 035 | |a (OCoLC)ocn535816465 | ||
| 035 | |a (OCoLC)535816465 | ||
| 040 | |a TLM |c TLM |d TLM |d TEF |d TXA |d UtOrBLW | ||
| 041 | 1 | |a eng |a fre |a spa |j fre |j spa |h eng | |
| 043 | |a e-uk-en | ||
| 049 | |a TXAM | ||
| 050 | 1 | 4 | |a PN1997 |b .L33 2010 |
| 082 | 0 | 4 | |a 791.43/72 |2 22 |
| 090 | |a PN1995.9.C55 |b L27 2010 | ||
| 245 | 0 | 4 | |a The Ladykillers / |c Canal+ ; Image UK Ltd ; produced by Michael Balcon ; story and screenplay by William Rose ; directed by Alexander MacKendrick. |
| 246 | 3 | |a Lady killers | |
| 264 | 1 | |a Santa Monica, Calif. : |b Lionsgate, |c [2010] | |
| 300 | |a 1 videodisc (approximately 92 min.) : |b sound, color ; |c 4 3.4 in. + |e 1 booklet (17 pages : color illustrations ; 15 cm.) | ||
| 336 | |a two-dimensional moving image |b tdi |2 rdacontent | ||
| 337 | |a video |b v |2 rdamedia | ||
| 338 | |a videodisc |b vd |2 rdacarrier | ||
| 490 | 1 | |a StudioCanal collection | |
| 538 | |a Blu-ray disc, regions A and B, full screen (1.33:1) presentation; Dolby DTS-HD Master 2.0 stereo., 1080p High Definition; requires Blu-ray player. | ||
| 583 | |a Blu-ray disc will not play in standard DVD players. | ||
| 546 | |a English, dubbed French and dubbed Spanish dialogue, subtitles in French and Spanish. | ||
| 500 | |a Title from disc. | ||
| 511 | 1 | |a Alec Guinness, Cecil Parker, Herbert Lom, Peter Sellers, Danny Green. | |
| 508 | |a Director of photography, Otto Heller ; editor, Jack Harris ; music composer, Tristram Cary. | ||
| 500 | |a Originally released as a motion picture in 1955. | ||
| 521 | 8 | |a Not rated. | |
| 520 | |a Professor Marcus rents a London flat, telling his landlady that he and his friends are musicians who will be rehearsing in the flat. In reality, neither the professor nor his friends can play a note. He is a criminal mastermind, holding court over his gang of thieves, including the likes of punkish Harry, the homicidal Louis and punch-drunk One-Round. The gang uses the professor's flat as a headquarters, where they conceive a daring 60,000 pound robbery. | ||
| 500 | |a Special features: Introduction by Terry Gilliam; filmed interviews with Allan Scott, Terence Davies and Ronald Harwood; audio commentary with Ealing expert Phil Kemp; "Forever Ealing" documentary; "Cleaning up The ladykillers" featurette; interview with James Mangold; theatrical trailer. | ||
| 586 | |a Best British Acress and Best British Screenplay, BAFTA Film Awards in 1956. | ||
| 500 | |a Videorecording. | ||
| 650 | 0 | |a Thieves |z England |z London |v Drama. | |
| 650 | 0 | |a Robbery |z England |z London |v Drama. | |
| 650 | 0 | |a Criminal behavior |z England |z London |v Drama. | |
| 650 | 7 | |a Robo |z Inglaterra |z Londres |v Teatro. |2 bidex | |
| 650 | 7 | |a Delitos y delincuentes |z Inglaterra |z Londres |v Teatro. |2 bidex | |
| 655 | 7 | |a Crime films. |2 lcgft | |
| 655 | 7 | |a Comedy films. |2 lcgft | |
| 655 | 7 | |a Thrillers (Motion pictures) |2 lcgft | |
| 655 | 7 | |a Feature films. |2 lcgft | |
| 655 | 7 | |a Fiction films. |2 lcgft | |
| 655 | 7 | |a Motion pictures, British. |2 local | |
| 655 | 7 | |a Foreign films. | |
| 655 | 7 | |a Feature films. |2 gsafd | |
| 655 | 7 | |a Comedy films. |2 gsafd | |
| 700 | 1 | |a Balcon, Michael, |d 1896-1977. | |
| 700 | 1 | |a Rose, William, |d 1914-1987. | |
| 700 | 1 | |a Mackendrick, Alexander, |d 1912-1993. | |
| 700 | 1 | |a Guinness, Alec, |d 1914-2000. | |
| 700 | 1 | |a Parker, Cecil, |d 1897-1971. | |
| 700 | 1 | |a Lom, Herbert. | |
| 700 | 1 | |a Sellers, Peter, |d 1925-1980. | |
| 700 | 1 | |a Green, Danny, |d 1903-1973. | |
| 700 | 1 | |a Heller, Otto, |d 1896-1970. | |
| 700 | 1 | |a Harris, Jack, |d 1905-1971. | |
| 700 | 1 | |a Cary, Tristram. | |
| 710 | 2 | |a Studio Canal+. | |
| 710 | 2 | |a Image UK, Ltd. | |
| 710 | 2 | |a Lionsgate (Firm) | |
| 830 | 0 | |a StudioCanal collection. | |
| 994 | |a C0 |b TXA | ||
| 948 | |a cataloged |b h |c 2010/7/21 |d c |e agaffey |f 3:12:24 pm | ||
| 999 | |a MARS | ||
| 999 | f | f | |s 325f6757-e0df-3bf5-bfcf-9a381a43400b |i 2e33d367-a9b6-3dc3-810f-447a5b645b99 |t 0 |
| 952 | f | f | |p bluray |a Texas A&M University |b College Station |c Sterling C. Evans Library |d Evans: Media and Reserves (Annex 1st floor) |t 0 |e PN1995.9.C55 L27 2010 |h Library of Congress classification |i video -- videodisc |m A14839146076 |
| 998 | f | f | |a PN1995.9.C55 L27 2010 |t 0 |l Evans: Media and Reserves (Annex 1st floor) |